| 000 | 00604nam a2200193Ia 4500 | ||
|---|---|---|---|
| 003 | GCL | ||
| 008 | 140319s9999 xx 000 0 ara d | ||
| 040 |
_aGCL / _cGCL |
||
| 082 | 0 | 4 |
_a953.071 _bك ب |
| 100 | 1 | _aكمال السيد ابو مصطفى | |
| 245 | 1 | 0 |
_aبحوث فى تاريخ وحضارة الاندلس فى العصر الاسلامى / _cكمال السيد ابو مصطفى |
| 300 | _a225 ص | ||
| 490 | _a | ||
| 650 | 0 | 4 | _aتاريخ |
| 650 | 0 | 4 | _aالتاريخ الاسلامى |
| 650 | 0 | 4 | _aالعالم الاسلامى |
| 650 | 0 | 4 | _aفتح الاندلس |
| 942 |
_2ddc _cBK |
||
| 999 |
_c41458 _d41458 |
||